Vedic texts : (Record no. 49528)

000 -LEADER
fixed length control field 00406nam a22001571a 4500
020 ## - INTERNATIONAL STANDARD BOOK NUMBER
International Standard Book Number 9788120808065
082 ## - DEWEY DECIMAL CLASSIFICATION NUMBER
Classification number 294.592 1
Item number DHA/V
100 ## - MAIN ENTRY--PERSONAL NAME
Personal name Dharmadhikari T N (ed.)
9 (RLIN) 75230
245 ## - TITLE STATEMENT
Title Vedic texts :
Remainder of title a revision/
260 ## - PUBLICATION, DISTRIBUTION, ETC.
Place of publication, distribution, etc.
Name of publisher, distributor, etc.
Date of publication, distribution, etc. 1990.
300 ## - PHYSICAL DESCRIPTION
Extent 134p.
650 ## - SUBJECT ADDED ENTRY--TOPICAL TERM
Topical term or geographic name entry element Vedic Literature Revision
9 (RLIN) 75231
700 ## - ADDED ENTRY--PERSONAL NAME
Personal name R S Shastry (ed.)
9 (RLIN) 75232
700 ## - ADDED ENTRY--PERSONAL NAME
Personal name N P Jain (ed.)
9 (RLIN) 75233
942 ## - ADDED ENTRY ELEMENTS (KOHA)
Koha item type Book
Holdings
Withdrawn status Lost status Damaged status Not for loan Permanent Location Current Location Date acquired Cost, normal purchase price Total Checkouts Full call number Barcode Date last seen Cost, replacement price Price effective from Koha item type
        Sree Sankaracharya University of Sanskrit Sree Sankaracharya University of Sanskrit 08.01.2015 200.00   294.592 1 DHA/V 003264 08.01.2015 0.00 08.01.2015 Book